Szczegóły MARC21

What the f. : co przeklinanie mówi o naszym języku, umyśle i nas samych /

003 -Nazwa inst., której nr kontr. jest w polu 001 [,]
    • @
    • Nazwa instytucji, której n kontrolny jest w polu 001
    • NUKAT
005 -DATA I CZAS OSTATNIEJ MODYFIKACJI [,]
    • @
    • pole kontrolne
    • 20241231085735.0
020 -Międzynarod. znormalizowany nr książki - ISBN [ , ]
    • a
    • Numer ISBN
    • 9788378864509 Find
040 -Instytucja sporządzająca opis [ , ]
    • a
    • Instytucja, która sporządziła opis (NP)
    • WA 004/ds
    • b
    • Język katalogowania
    • pol
    • e
    • Zasady katalogowania
    • rda
    • c
    • Instytucja, która sporządziła rekord (NP)
    • WA 004/ds
    • d
    • Instytucja, która zmodyfikowała rekord (P)
    • WA 004/aj
    • d
    • Instytucja, która zmodyfikowała rekord (P)
    • KAT U/MBs
    • d
    • Instytucja, która zmodyfikowała rekord (P)
    • KR 253/MD
    • d
    • Instytucja, która zmodyfikowała rekord (P)
    • WR O/MMts
041 -Język dokumentu [1, ]
    • a
    • Język tekstu (P)
    • polski
    • h
    • Język tekstu oryginalnego i/lub pośredniego (P)
    • angielski
942 -Rodzaj dokumentu [ , ]
    • c
    • Rodzaj dokumentu
    • Książka
100 -Hasło główne - nazwa osobowa [1, ]
    • a
    • Nazwa osobowa (NP)
    • Bergen, Benjamin Koppel.
    • e
    • Rodzaj współpracy
    • Autor
    • 9
    • KHW
    • 429886
245 -Strefa tytułu i oznaczenia odpowiedzialności [1,0]
    • a
    • Tytuł
    • What the f. : Find
    • b
    • Ciąg dalszy tytułu (NP)
    • co przeklinanie mówi o naszym języku, umyśle i nas samych / Find
    • c
    • Pozostałe elementy strefy tytułu i oznaczenia odpowiedzialności (NP)
    • Benjamin K. Bergen ; tłumaczenie Zuzanna Lamża.
246 -Wariant tytułu [3,0]
    • a
    • Tytuł (NP)
    • Co przeklinanie mówi o naszym języku, umyśle i nas samych
250 -Strefa wydania [ , ]
    • a
    • Oznaczenie wydania (NP)
    • Wydanie I.
260 -Strefa adresu wydawniczego [ , ]
    • a
    • Miejsce wydania (P)
    • Kraków :
    • b
    • Nazwa wydawcy (P)
    • Copernicus Center Press,
    • c
    • Data wydania (P)
    • 2019.
300 -Strefa opisu fizycznego [ , ]
    • a
    • Określenie formy książki i/lub objętość (NP)
    • 413, [2] strony :
    • b
    • Oznaczenie ilustracji (NP)
    • ilustracje ;
    • c
    • Format (NP)
    • 22 cm.
336 -Typ zawartości [ , ]
    • a
    • Termin opisujący typ zawartości
    • Tekst
    • b
    • Kod określający zawartość
    • txt
    • 2
    • Źródło (terminu i kodu)
    • rdacontent
337 -Typ mediów [ , ]
    • a
    • Tryb odtwarzania
    • Bez urządzenia pośredniczącego
    • b
    • Kod typu mediów
    • n
    • 2
    • Źródło (terminu i kodu)
    • rdamedia
338 -Typ/rodzaj nośnika [ , ]
    • a
    • Hasło opisujące typ nośnika
    • Wolumin
    • b
    • Kod typu nośnika
    • nc
    • 2
    • Źródło (terminu i kodu)
    • rdacarrier
500 -Uwaga ogólna [ , ]
    • a
    • Uwaga ogólna (NP)
    • Tytuł oryginału: What the f. : what swearing reveals about our language, our brains, and ourselves.
504 -Uwaga dot. bibliogr. załącznikowej [ , ]
    • a
    • Uwaga dot. bibliografii załącznikowej
    • Bibliografia na stronach 393-410. Indeks.
530 -Uwaga dot. innej postaci fizycznej dokumentu [ , ]
    • a
    • Uwaga dot. innej postaci fizycznej dokumentu
    • Książka dostępna również jako e-book.
650 -Hasło przedmiotowe [ ,7]
    • a
    • Hasło przedmiotowe
    • Przekleństwa
    • x
    • Określnik rzeczowy
    • aspekt społeczny.
    • 2
    • Źródło terminu
    • kaba
    • 9
    • KHW
    • 511706
650 -Hasło przedmiotowe [ ,7]
    • a
    • Hasło przedmiotowe
    • Wulgaryzmy
    • x
    • Określnik rzeczowy
    • aspekt społeczny.
    • 2
    • Źródło terminu
    • kaba
    • 9
    • KHW
    • 511707
650 -Hasło przedmiotowe [ ,7]
    • a
    • Hasło przedmiotowe
    • Językoznawstwo kognitywne.
    • 2
    • Źródło terminu
    • kaba
    • 9
    • KHW
    • 110338
650 -Hasło przedmiotowe [ ,7]
    • a
    • Hasło przedmiotowe
    • Psycholingwistyka.
    • 2
    • Źródło terminu
    • kaba
    • 9
    • KHW
    • 126950
700 -Hasło dodatkowe - nazwa osobowa [1, ]
    • a
    • Nazwa osobowa (NP)
    • Lamża, Zuzanna. Find
    • e
    • Określenie rodzaju współpracy
    • Tłumaczenie
    • 9
    • KHW
    • 397172
710 -Hasło dodatkowe - nazwa ciała zbiorowego [2, ]
    • a
    • Nazwa ciała zbiorowego lub nazwa geograficzna jako pierwszy element (NP)
    • Copernicus Center Press.
    • e
    • Rodzaj współpracy
    • Wydawca
    • 4
    • Kod relacji
    • pbl
    • 9
    • KHW
    • 65253
920 -ISBN [ , ]
    • a
    • ISBN
    • 978-83-7886-450-9 Find
Lokalizacja Data inwentaryzacji Numer inwentarzowy Status udost. Sygnatura
BM2020-01-21P.277391POL.Językoznawstwo kognitywne 09
BNS2019-11-22H.333901